000 00620nam a22002297a 4500
003 UA-OsUOA
001 99124
007 ta
008 20130424b un ||||| |||| 00| 0 ukr d
100 _aСоколов В.
090 _a821.161.1
_bС59
942 _cBK
040 _aUA-OsUOA
_brus
_cUA-OsUOA
_dUA-OsUOA
245 _aНа Сити-реке
_bлирическая повесть
300 _a252 с.
955 _a3
041 _arus
080 _a821.161.1
260 _aМ.
_bСовременник
_c1988
650 7 _a82 Література. Літературознавство
_2UDC
999 _c385635
_d385635